<?xml version="1.0" encoding="UTF-8"?>
<record
    xmlns:xsi="http://www.w3.org/2001/XMLSchema-instance"
    xsi:schemaLocation="http://www.loc.gov/MARC21/slim http://www.loc.gov/standards/marcxml/schema/MARC21slim.xsd"
    xmlns="http://www.loc.gov/MARC21/slim">

  <leader>02330nam a2200277 a 4500</leader>
  <controlfield tag="001">000026840</controlfield>
  <controlfield tag="005">20200930030437.0</controlfield>
  <controlfield tag="008">110325s1983    dr a          001 e spa d</controlfield>
  <datafield tag="040" ind1=" " ind2=" ">
    <subfield code="a">DO-SdBNP</subfield>
    <subfield code="b">spa</subfield>
    <subfield code="c">BNPHU</subfield>
  </datafield>
  <datafield tag="082" ind1=" " ind2=" ">
    <subfield code="a">321.094</subfield>
    <subfield code="b">T772r</subfield>
  </datafield>
  <datafield tag="245" ind1="0" ind2="3">
    <subfield code="a">La transici&#xF3;n revolucionaria en Am&#xE9;rica Latina /</subfield>
    <subfield code="c">selecci&#xF3;n y edici&#xF3;n Guarocuya Batista, Santiago G&#xF3;mez Monegro.</subfield>
  </datafield>
  <datafield tag="260" ind1=" " ind2=" ">
    <subfield code="a">Santo Domingo :</subfield>
    <subfield code="b">UASD,</subfield>
    <subfield code="c">1983.</subfield>
  </datafield>
  <datafield tag="300" ind1=" " ind2=" ">
    <subfield code="a">2 v. :</subfield>
    <subfield code="b">il., retrs. ;</subfield>
    <subfield code="c">21 cm.</subfield>
  </datafield>
  <datafield tag="490" ind1="1" ind2=" ">
    <subfield code="a">Praxis</subfield>
    <subfield code="v">2</subfield>
  </datafield>
  <datafield tag="505" ind1="0" ind2=" ">
    <subfield code="g">V. I</subfield>
    <subfield code="t">La crisis actual del imperialismo y los procesos revolucionarios en Am&#xE9;rica Latina y el Caribe /</subfield>
    <subfield code="r">Manuel Pi&#xF1;eiro Losada --</subfield>
    <subfield code="t">El proceso de transici&#xF3;n en Nicaragua /</subfield>
    <subfield code="r">Orlando N&#xFA;&#xF1;ez Soto --</subfield>
    <subfield code="t">Salud en las sociedades en transici&#xF3;n --</subfield>
    <subfield code="r">Dr Sergio Arouca --</subfield>
    <subfield code="t">El socialismo y el hombre nuevo /</subfield>
    <subfield code="r">Ernesto -Che- Guevara --</subfield>
    <subfield code="t">Econom&#xED;a y Transici&#xF3;n Revolucionaria:</subfield>
    <subfield code="t">La planificaci&#xF3;n socialista /</subfield>
    <subfield code="r">Ernesto -Che- Guevara --</subfield>
    <subfield code="t">Las categor&#xED;as mercantiles en el per&#xED;odo de transici&#xF3;n /</subfield>
    <subfield code="r">Ernest Mandel --</subfield>
    <subfield code="t">Acumulaci&#xF3;n, planificaci&#xF3;n y distribuci&#xF3;n del ingreso en peque&#xF1;as econom&#xED;as socialistas perif&#xE9;ricas /</subfield>
    <subfield code="r">Valpy Fitzgerald --</subfield>
  </datafield>
  <datafield tag="505" ind1="0" ind2=" ">
    <subfield code="g">v. II</subfield>
    <subfield code="t">Acerca de las relaciones entre el socialismo existente y el socialismo posible /</subfield>
    <subfield code="r">Perry Anderson --</subfield>
    <subfield code="t">El concepto "Clase para s&#xED;" en la "Historia me Absolver&#xE1;" /</subfield>
    <subfield code="r">Oscar Guzm&#xE1;n Betancourt --</subfield>
    <subfield code="t">Las fases de la revoluci&#xF3;n /</subfield>
    <subfield code="r">Carlos Rafael Rodr&#xED;guez --</subfield>
    <subfield code="t">Las contradicciones de la transici&#xF3;n: clases, naci&#xF3;n y estado en Nicaragua /</subfield>
    <subfield code="r">Carlos Mar&#xED;a Vilas --</subfield>
    <subfield code="t">Fuerzas sociales y proyectos revolucionarios /</subfield>
    <subfield code="r">William Villagra --</subfield>
    <subfield code="t">Plataforma Program&#xE1;tica del Gobierno Democr&#xE1;tico Revolucionario /</subfield>
    <subfield code="r">Coordinadora Revolucionaria de Masas --</subfield>
    <subfield code="t">Puntos principales para el gobierno revolucionario, patri&#xF3;tico y democr&#xE1;tico /</subfield>
    <subfield code="r">Uni&#xF3;n Revolucionaria Nacional de Guatemala.</subfield>
  </datafield>
  <datafield tag="590" ind1=" " ind2=" ">
    <subfield code="a">Inventariado, 2018/LP</subfield>
  </datafield>
  <datafield tag="650" ind1=" " ind2="4">
    <subfield code="a">Revoluciones</subfield>
    <subfield code="z">Am&#xE9;rica Latina</subfield>
    <subfield code="9">18454</subfield>
  </datafield>
  <datafield tag="650" ind1=" " ind2="4">
    <subfield code="a">Revoluciones socialistas</subfield>
    <subfield code="x">Ensayos, conferencias, etc.</subfield>
    <subfield code="9">53956</subfield>
  </datafield>
  <datafield tag="650" ind1=" " ind2="4">
    <subfield code="a">Movimientos revolucionarios</subfield>
    <subfield code="x">Ensayos, conferencias, etc.</subfield>
    <subfield code="9">53957</subfield>
  </datafield>
  <datafield tag="650" ind1=" " ind2="4">
    <subfield code="a">Socialismo en am&#xE9;rica latina</subfield>
    <subfield code="x">Ensayos, conferencias, etc.</subfield>
    <subfield code="9">53958</subfield>
  </datafield>
  <datafield tag="700" ind1="1" ind2=" ">
    <subfield code="a">Batista, Guarocuya,</subfield>
    <subfield code="e">comp.</subfield>
    <subfield code="9">53959</subfield>
  </datafield>
  <datafield tag="700" ind1="1" ind2=" ">
    <subfield code="a">G&#xF3;mez Monegro, Santiago,</subfield>
    <subfield code="e">ed.</subfield>
    <subfield code="9">22483</subfield>
  </datafield>
  <datafield tag="830" ind1=" " ind2="0">
    <subfield code="a">Praxis ;</subfield>
    <subfield code="n">2</subfield>
    <subfield code="9">53960</subfield>
  </datafield>
  <datafield tag="910" ind1=" " ind2=" ">
    <subfield code="a">Validado. Control de calidad EMS</subfield>
  </datafield>
  <datafield tag="952" ind1=" " ind2=" ">
    <subfield code="0">0</subfield>
    <subfield code="1">0</subfield>
    <subfield code="5">4</subfield>
    <subfield code="7">0</subfield>
    <subfield code="8">PD</subfield>
    <subfield code="a">GR</subfield>
    <subfield code="b">GR</subfield>
    <subfield code="c">HD</subfield>
    <subfield code="d">2011-03-28</subfield>
    <subfield code="i">LF1</subfield>
    <subfield code="l">0</subfield>
    <subfield code="o">321.094 T772r | v.1, e.3</subfield>
    <subfield code="p">26840-30</subfield>
    <subfield code="r">2020-06-25</subfield>
    <subfield code="w">2020-06-25</subfield>
    <subfield code="y">LFPD</subfield>
    <subfield code="Z">Pr&#xE9;stamo en sala</subfield>
  </datafield>
  <datafield tag="952" ind1=" " ind2=" ">
    <subfield code="0">0</subfield>
    <subfield code="1">0</subfield>
    <subfield code="5">4</subfield>
    <subfield code="7">0</subfield>
    <subfield code="8">PD</subfield>
    <subfield code="a">GR</subfield>
    <subfield code="b">GR</subfield>
    <subfield code="c">HD</subfield>
    <subfield code="d">2011-03-28</subfield>
    <subfield code="i">LF1</subfield>
    <subfield code="l">0</subfield>
    <subfield code="o">321.094 T772r | v.1, e.4</subfield>
    <subfield code="p">26840-40</subfield>
    <subfield code="r">2020-06-25</subfield>
    <subfield code="w">2020-06-25</subfield>
    <subfield code="y">LFPD</subfield>
    <subfield code="Z">Pr&#xE9;stamo en sala</subfield>
  </datafield>
  <datafield tag="952" ind1=" " ind2=" ">
    <subfield code="0">0</subfield>
    <subfield code="1">0</subfield>
    <subfield code="5">4</subfield>
    <subfield code="7">0</subfield>
    <subfield code="8">PD</subfield>
    <subfield code="a">GR</subfield>
    <subfield code="b">GR</subfield>
    <subfield code="c">HD</subfield>
    <subfield code="d">2013-06-07</subfield>
    <subfield code="i">LF1</subfield>
    <subfield code="l">0</subfield>
    <subfield code="o">321.094 T772r | v.1, e.5</subfield>
    <subfield code="p">26840-50</subfield>
    <subfield code="r">2020-06-25</subfield>
    <subfield code="w">2020-06-25</subfield>
    <subfield code="y">LFPD</subfield>
    <subfield code="Z">Pr&#xE9;stamo en sala</subfield>
  </datafield>
  <datafield tag="952" ind1=" " ind2=" ">
    <subfield code="0">0</subfield>
    <subfield code="1">0</subfield>
    <subfield code="7">1</subfield>
    <subfield code="8">PD</subfield>
    <subfield code="a">PD</subfield>
    <subfield code="b">PD</subfield>
    <subfield code="c">HD</subfield>
    <subfield code="d">2011-03-25</subfield>
    <subfield code="i">LF1</subfield>
    <subfield code="l">0</subfield>
    <subfield code="o">321.094 T772r | v.1</subfield>
    <subfield code="p">26840-10</subfield>
    <subfield code="r">2020-06-25</subfield>
    <subfield code="w">2020-06-25</subfield>
    <subfield code="y">LFPD</subfield>
    <subfield code="Z">No se presta</subfield>
  </datafield>
  <datafield tag="952" ind1=" " ind2=" ">
    <subfield code="0">0</subfield>
    <subfield code="1">0</subfield>
    <subfield code="7">1</subfield>
    <subfield code="8">PD</subfield>
    <subfield code="a">PD</subfield>
    <subfield code="b">PD</subfield>
    <subfield code="c">HD</subfield>
    <subfield code="d">2011-03-25</subfield>
    <subfield code="i">LF1</subfield>
    <subfield code="l">0</subfield>
    <subfield code="o">321.094 T772r | v.1, e.2</subfield>
    <subfield code="p">26840-20</subfield>
    <subfield code="r">2020-06-25</subfield>
    <subfield code="w">2020-06-25</subfield>
    <subfield code="y">LFPD</subfield>
    <subfield code="Z">No se presta</subfield>
  </datafield>
  <datafield tag="952" ind1=" " ind2=" ">
    <subfield code="0">0</subfield>
    <subfield code="1">0</subfield>
    <subfield code="7">1</subfield>
    <subfield code="8">PD</subfield>
    <subfield code="a">PD</subfield>
    <subfield code="b">PD</subfield>
    <subfield code="c">HD</subfield>
    <subfield code="d">2013-07-16</subfield>
    <subfield code="i">LF1</subfield>
    <subfield code="l">0</subfield>
    <subfield code="o">321.094 T772r | v.2</subfield>
    <subfield code="p">26840-60</subfield>
    <subfield code="r">2020-06-25</subfield>
    <subfield code="w">2020-06-25</subfield>
    <subfield code="y">LFPD</subfield>
    <subfield code="Z">No se presta</subfield>
  </datafield>
  <datafield tag="952" ind1=" " ind2=" ">
    <subfield code="0">0</subfield>
    <subfield code="1">0</subfield>
    <subfield code="7">1</subfield>
    <subfield code="8">PD</subfield>
    <subfield code="a">PD</subfield>
    <subfield code="b">PD</subfield>
    <subfield code="c">HD</subfield>
    <subfield code="d">2014-04-01</subfield>
    <subfield code="i">LF1</subfield>
    <subfield code="l">0</subfield>
    <subfield code="o">321.094 T772r | v.2, e.2</subfield>
    <subfield code="p">26840-70</subfield>
    <subfield code="r">2020-06-25</subfield>
    <subfield code="w">2020-06-25</subfield>
    <subfield code="y">LFPD</subfield>
    <subfield code="Z">No se presta</subfield>
  </datafield>
  <datafield tag="999" ind1=" " ind2=" ">
    <subfield code="c">26332</subfield>
    <subfield code="d">26332</subfield>
  </datafield>
</record>
